Logo BPK

Biblioteka

Politechniki Koszalińskiej

Kafarowy : (Rekord nr 10991)

Szczegóły MARC
000 -ETYKIETA REKORDU
podpole kontrolne o stałej długości 01041nam a2200313 i 4500
001 - NUMER KONTROLNY REKORDU
pole kontrolne 10991
003 - IDENTYFIKATOR NUMERU KONTROLNEGO REKORDU
podpole kontrolne KOSZ 005
005 - DATA OSTATNIEJ MODYFIKACJI REKORDU
podpole kontrolne 20210407190114.0
008 - POLE O STAŁEJ DŁUGOŚCI - DANE KONTROLNE
podpole kontrolne o stałej długości 071102s1967 pl a f f 000 0 pol
015 ## - NUMER BIBLIOGRAFII NARODOWEJ
Numer bibliografii narodowej PB 1967/2745
040 ## - ŹRÓDŁO KATALOGOWANIA
Instytucja, która sporządziła opis WA N
Instytucja, która utworzyła rekord WA N
Instytucja, która dokonała modyfikacji KOSZ 005/RW
-- KOSZ 005/HR
046 ## - DATY KODOWANE
Pojedyncza data lub początek okresu powstania dzieła lub zbioru dzieł 1967
080 ## - UNIWERSALNA KLASYFIKACJA DZIESIĘTNA - UKD
UKD 69
100 1# - NAZWA OSOBOWA
Nazwa osobowa Mieczysławski, Stanisław
Określenie rodzaju współpracy Autor
245 10 - TYTUŁ/ODPOWIEDZIALNOŚĆ
Tytuł Kafarowy :
Ciąg dalszy tytułu poradnik robotnika wykwalifikowanego /
Pozostałe elementy strefy tytułu i oznaczenia odpowiedzialności Stanisław Mieczysławski.
260 ## - STREFA ADRESU WYDAWNICZEGO
Miejsce wydania Warszawa :
Nazwa wydawcy/dystrybutora Wydawnictwa Komunikacji i Łączności,
Data publikacji, dystrybucji/powstania dokumentu 1967.
300 ## - STREFA OPISU FIZYCZNEGO
Objętość 146, [1] s. :
Inne cechy fizyczne il. ;
Rozmiary 23 cm.
380 ## - FORMA I TYP PUBLIKACJI
Forma i typ publikacji Książki
388 ## - CZAS POWSTANIA
Czas powstania 1901-2000
388 ## - CZAS POWSTANIA
Czas powstania 1945-1989
650 #4 - HASŁO PRZEDMIOTOWE W FORMIE NAZWY OGÓLNEJ LUB JEDNOSTKOWEJ
Nazwa ogólna lub geograficzna Budownictwo
650 #4 - HASŁO PRZEDMIOTOWE W FORMIE NAZWY OGÓLNEJ LUB JEDNOSTKOWEJ
Nazwa ogólna lub geograficzna Narzędzia i maszyny
650 #4 - HASŁO PRZEDMIOTOWE W FORMIE NAZWY OGÓLNEJ LUB JEDNOSTKOWEJ
Nazwa ogólna lub geograficzna Fundamenty
655 #4 - TERMIN INDEKSOWY - OKREŚLENIE RODZAJU/FORMY DOKUMENTU
Określenie rodzaju/formy dokumentu Poradnik
658 ## - TERMIN INDEKSOWY - PRZEDMIOT PROGRAMU NAUCZANIA
Główny przedmiot programu nauczania Architektura i budownictwo
710 2# - HASŁO DODATKOWE - NAZWA CIAŁA ZBIOROWEGO
Nazwa ciała zbiorowego lub jednostki geograficznej Wydawnictwa Komunikacji i Łączności
Kod określenia powiązania pbl.
856 ## - LOKALIZACJA I DOSTĘP DO ELEKTRONICZNYCH DOKUMENTÓW ZDALNYCH
Link (URL) http://koha.tu.koszalin.pl/cgi-bin/koha/opac-detail.pl?biblionumber=10991
Tekst linku Katalog online BPK
942 ## - DODATKOWE ELEMENTY (KOHA)
Schemat klasyfikacji Uniwersalna Klasyfikacja Dziesiętna
Typ dokumentu Książka
Egzemplarze
Wycofany Status egzemplarza Uszkodzony Dostępność Lokalizacja stała Lokalizacja bieżąca Miejsce przechowywania Sygnatura Kod kreskowy Typ dokumentu
      Dostępny Biblioteka Politechniki Koszalińskiej Biblioteka Politechniki Koszalińskiej Wypożyczalnia BG 1462 02083797 Książka
© 2023 Biblioteka Politechniki Koszalińskiej :: KOHA